01188 am a2200313ua 450000100100000000500170001000800410002701000150006802000150008302000180009804000160011608200190013210000270015124500640017826000690024230000410031149000330035250000240038550400310040950500590044065000330049965300200053265500240055270000280057694200190060499900170062395201170064095201170075701129389320140121104410.0030324t2002 xxua frb 001 0 eng d a2001056583 a0130313998 a9780130313997 aStDuBDSdUk04a006.7222bSTE1 aSteinmetz, Ralf93488310aMultimedia fundamentals /cRalf Steinmetz, Klara Nahrstedt. aUpper Saddle River, United States :bPrentice Hall PTR,cc.2002. a1 v. (xvi, 274 p.) :bill. ;c24 cm.0 aIMSC Press Multimedia Series aIndex : p. 257-274. aBibliography : p. 235-255.0 aContents : v. 1. Media coding and content processing.  0aMultimedia systems 914476 bCScJanuary2014 vreading book9342321 aNahrstedt, Klara934884 2ddck006.7 STE c17937d17909 00102ddc40708BaccahaMAINbMAINcLOWd2014-01-21epurchasel0o006.7 STEp000035365r2025-07-15 00:00:00yBB 00102ddc40708BaccahaMAINbMAINcLOWd2014-01-21epurchasel0o006.7 STEp000035366r2025-07-15 00:00:00yBB